Využitie sociálnych sietí pre marketingové účely firiem

Saved in:
Bibliographic Details
Main Author: Hrušovská, Dana, 1964-
Other Authors: Rybárová, Daniela, 1967-
Format: Book Chapter
Language:Slovak
Tags: Add Tag
No Tags, Be the first to tag this record!

MARC

LEADER 00000nla a2200000 4500
001 0210516
005 20240522133045.8
041 0 |a slo 
044 |a SK 
245 1 0 |a Využitie sociálnych sietí pre marketingové účely firiem  |c Dana Hrušovská, Daniela Rybárová 
500 |a Abstrakt 
100 1 |a Hrušovská, Dana, 1964- 
700 1 |a Rybárová, Daniela, 1967-